| 000 | 00619nam a2200157 a 4500 | ||
|---|---|---|---|
| 008 | 151208s2009 ||||||||||||||||| || u | ||
| 020 | _a9788184486889 | ||
| 050 | _aR 834.5 Yat | ||
| 100 | _aYatiraj, Singi | ||
| 245 | 1 | 0 |
_aCompanion for final MBBS (3rd ed.) _cBy Singi Yatiraj |
| 250 | _a3rd ed. | ||
| 260 |
_aSt. Louis _bJaypee Brothers Medical publishers _c2009 |
||
| 300 | _axix, 292p.: | ||
| 650 | _aMEDICINE--EXAMINATIONS, QUESTIONS, ETC | ||
| 995 |
_aMEDICAL LIBRARY OPEN ACCESS _e903227 _FCBU-SCHOOL OF MEDICINE LIBRARY (Ndola) _jR 834.5 Yat _UAVAILABLE _WDec 16, 2015 _y903227 _ZMedical Library Open Access Collection |
||
| 999 |
_c31100 _d31100 |
||